Atlas de dinosaurios / (Record no. 155617)

MARC details
000 -CABECERA
campo de control de longitud fija 00827nam a2200241 u 4500
005 - FECHA Y HORA DE LA ÚLTIMA TRANSACCIÓN
campo de control 20241203063743.0
008 - ELEMENTOS DE LONGITUD FIJA--INFORMACIÓN GENERAL
campo de control de longitud fija 120224s2006 mx r 000 0 spa d
020 ## - NÚMERO INTERNACIONAL NORMALIZADO PARA LIBROS
Número Internacional Estándar del Libro 9707185090 (10 dígitos)
020 ## - NÚMERO INTERNACIONAL NORMALIZADO PARA LIBROS
Número Internacional Estándar del Libro 9789707185098 (13 dígitos)
035 ## - NÚMERO DE CONTROL DEL SISTEMA
Número de control de sistema UPN01000183514
049 ## - COLECCIÓN
Colección I
050 #4 - SIGNATURA TOPOGRÁFICA DE LA BIBLIOTECA DEL CONGRESO
Número de clasificación QE861.5
Número de documento/Ítem M3.3
100 1# - ASIENTO PRINCIPAL--NOMBRE PERSONAL
Nombre de persona Malam, John,
Fechas asociadas al nombre 1957-
9 (RLIN) 33587
245 10 - MENCIÓN DE TÍTULO
Título Atlas de dinosaurios /
Mención de responsabilidad, etc. John Malam, John Woodward ; asesor Michael Benton ; tr. Pepe de Alba.
260 ## - PUBLICACIÓN, DISTRIBUCIÓN, ETC.
Lugar de publicación, distribución, etc. México :
Nombre del editor, distribuidor, etc. Silver Dolphin,
Fecha de publicación, distribución, etc. 2006.
300 ## - DESCRIPCIÓN FÍSICA
Extensión 96 p. :
Otras características físicas il. col. +
Material acompañante/anejo 1 CD-ROM ; 4 3/4 plg.
500 ## - NOTA GENERAL
Nota general Solicita el CD-ROM en el mostrador de préstamo
534 ## - NOTA SOBRE LA VERSIÓN ORIGINAL
Frase introductoria Título original:
Mención de título del original Dinosaur atlas
650 #4 - ASIENTO SECUNDARIO DE MATERIA - TERMINO TEMATICO
Término de materia o nombre geográfico como elemento de entrada Dinosaurios
Subdivisión de forma Literatura infantil
9 (RLIN) 9370
700 1# - ASIENTO SECUNDARIO--NOMBRE DE PERSONAL
Nombre de persona Woodward, John,
Término indicativo de función/relación coaut.
905 ## - TIPO DE MATERIAL
Tipo de material Infantil
Holdings
Estado de retiro Estado de pérdida Fuente del sistema de clasificación o colocación Estado dañado No para préstamo Código de colección Localización permanente Ubicación/localización actual Ubicación en estantería Total de préstamos Clasificación Código de barras Fecha visto por última vez Número de copia Tipo de ítem Koha Fecha de adquisición Precio válido a partir de Nota pública
    Library of Congress Classification   Consulta Infantil Bib. Gregorio Torres Quintero Bib. Gregorio Torres Quintero Sala infantil Planta baja   QE861.5 M3.3 257218 31/12/2020 1 Libro      
    Library of Congress Classification     Materiales complementarios y otros recursos electrónicos  Bib. Gregorio Torres Quintero Bib. Gregorio Torres Quintero Mostrador de préstamo Planta baja   QE861.5 M3.3 339935 23/09/2024   Disco Compacto 23/09/2024 23/09/2024 Solicítalo en el mostrador de préstamo